Faculty of Law Library — Cairo University

Official Online Catalog

Les decisions implicites d‘acceptation de l‘administration / (Record no. 76239)

MARC details
000 -LEADER
fixed length control field 01092nam a2200325 4500
003 - CONTROL NUMBER IDENTIFIER
control field EG-GICUC
005 - DATE AND TIME OF LATEST TRANSACTION
control field 20260507223454.0
008 - FIXED-LENGTH DATA ELEMENTS--GENERAL INFORMATION
fixed length control field 111101s1992 fr fr |000 0 fre||
020 ## - INTERNATIONAL STANDARD BOOK NUMBER
International Standard Book Number 2-275-00-625-7
024 ## - OTHER STANDARD IDENTIFIER
Qualifying information 0520-0288
040 ## - CATALOGING SOURCE
Original cataloging agency EG-GiCUC
Language of cataloging fre
Transcribing agency EG-GiCUC
Modifying agency EG-GiCUC
Description conventions Rda
041 0# - LANGUAGE CODE
Language code of text/sound track or separate title fre
082 04 - DEWEY DECIMAL CLASSIFICATION NUMBER
Edition number 21
Classification number 345.6
Item number MO . D
092 04 - LOCALLY ASSIGNED DEWEY CALL NUMBER (OCLC)
Edition number 21
099 ## - LOCAL FREE-TEXT CALL NUMBER (OCLC)
Classification number Law1 07 345.6 MO . D 1992
100 1# - MAIN ENTRY--PERSONAL NAME
Personal name Monnier, Mireille
Relator term Auteur
245 ## - TITLE STATEMENT
Title Les decisions implicites d‘acceptation de l‘administration /
Statement of responsibility, etc. Mireille Monnier, preface de Michel fromont.
264 #1 - PRODUCTION, PUBLICATION, DISTRIBUTION, MANUFACTURE, AND COPYRIGHT NOTICE
Place of production, publication, distribution, manufacture Paris :
Name of producer, publisher, distributor, manufacturer Librairie geneale de droit et de jurisprudence,
Date of production, publication, distribution, manufacture, or copyright notice 1992.
300 ## - PHYSICAL DESCRIPTION
Extent XIV, 203 page ;
Dimensions 24 cm.
336 ## - CONTENT TYPE
Source rda contenu
Content type term texte
337 ## - MEDIA TYPE
Source rda medias
Media type term Ordinateur
338 ## - CARRIER TYPE
Source transporteur rda
Carrier type term Ressource en ligne
490 ## - SERIES STATEMENT
Materials specified .Bibliothque de droit public.
Volume/sequential designation 166
546 ## - LANGUAGE NOTE
Language note Texte en français
650 14 - SUBJECT ADDED ENTRY--TOPICAL TERM
Topical term or geographic name entry element administration Law
700 1# - ADDED ENTRY--PERSONAL NAME
Personal name fromont, Michel
Relator term Préfacier
856 40 - ELECTRONIC LOCATION AND ACCESS
Uniform Resource Identifier <a href="https://fll.law.cu.edu.eg/fulltext/bks/B07-05270.pdf">https://fll.law.cu.edu.eg/fulltext/bks/B07-05270.pdf</a>
905 ## - Cataloger and Reviser Names
Cataloger Name: Abdulrhman Sobhy
942 ## - ADDED ENTRY ELEMENTS (KOHA)
Source of classification or shelving scheme Dewey Decimal Classification
Koha item type Books
Edition 21
Suppress in OPAC No
Holdings
Withdrawn status Lost status Source of classification or shelving scheme Damaged status Not for loan Collection Home library Current library Date acquired Total checkouts Full call number Barcode Date last seen Copy number Price effective from Koha item type
    Dewey Decimal Classification   Not for loan القانون الإداري جــــامعة القــاهرة مكتبة كلية الحقوق - المبنى الرئيسي 07.05.2026   Law1 07 345.6 MO . D 1992 0705270 C1 B07-05270 07.05.2026 1 07.05.2026 Books

© All rights reserved — Faculty of Law, Cairo University

Implemented and Customized by: Eng. M. Mohamady